The Chestnut King / (Record no. 31446)

MARC details
000 -LEADER
fixed length control field 02398cam a2200625 a 4500
001 - CONTROL NUMBER
control field 245596262
003 - CONTROL NUMBER IDENTIFIER
control field OSt
005 - DATE AND TIME OF LATEST TRANSACTION
control field 20260109054035.0
008 - FIXED-LENGTH DATA ELEMENTS--GENERAL INFORMATION
fixed length control field 080828s2010 nyub c 000 1 eng
010 ## - LIBRARY OF CONGRESS CONTROL NUMBER
LC control number 2008032748
020 ## - INTERNATIONAL STANDARD BOOK NUMBER
International Standard Book Number 9780375838859 (hardcover)
020 ## - INTERNATIONAL STANDARD BOOK NUMBER
International Standard Book Number 0375838856 (hardcover)
020 ## - INTERNATIONAL STANDARD BOOK NUMBER
International Standard Book Number 9780375938856 (hardcover)
020 ## - INTERNATIONAL STANDARD BOOK NUMBER
International Standard Book Number 0375938850 (hardcover)
020 ## - INTERNATIONAL STANDARD BOOK NUMBER
International Standard Book Number 9780375838866 (paperback)
020 ## - INTERNATIONAL STANDARD BOOK NUMBER
International Standard Book Number 0375838864 (paperback)
020 ## - INTERNATIONAL STANDARD BOOK NUMBER
International Standard Book Number 9781448774647
020 ## - INTERNATIONAL STANDARD BOOK NUMBER
International Standard Book Number 1448774640
040 ## - CATALOGING SOURCE
Original cataloging agency DLC
Language of cataloging eng
Transcribing agency DLC
Modifying agency IG#
-- GZF
-- B2A
-- EHH
-- VI#
-- YDXCP
-- IHI
-- BDX
-- OCLCA
-- OCLCF
-- OCLCO
-- OCLCQ
-- OCLCO
-- ATMAZ
-- OCLCO
-- BDO
-- NZALP
-- OCLCA
-- CHILD
-- ILM
-- H$Y
-- GRC
-- IOK
-- WLM
-- BRL
-- KF6
-- JPK
-- OCLCO
-- UTP
-- OCLCQ
-- OCL
-- ATMAZ
-- J@R
-- ZGR
-- OCLCO
-- JTD
-- UtOrBLW
042 ## - AUTHENTICATION CODE
Authentication code lcac
043 ## - GEOGRAPHIC AREA CODE
Geographic area code n-us-ks
050 00 - LIBRARY OF CONGRESS CALL NUMBER
Classification number PZ7.W69744
Item number Che 2010
082 00 - DEWEY DECIMAL CLASSIFICATION NUMBER
Classification number [Fic]
Edition number 22
100 1# - MAIN ENTRY--PERSONAL NAME
Personal name Wilson, Nathan D.
245 14 - TITLE STATEMENT
Title The Chestnut King /
Statement of responsibility, etc. N.D. Wilson.
250 ## - EDITION STATEMENT
Edition statement 1st ed.
264 #1 - PRODUCTION, PUBLICATION, DISTRIBUTION, MANUFACTURE, AND COPYRIGHT NOTICE
Place of production, publication, distribution, manufacture New York :
Name of producer, publisher, distributor, manufacturer Random House,
Date of production, publication, distribution, manufacture, or copyright notice [2010]
264 #4 - PRODUCTION, PUBLICATION, DISTRIBUTION, MANUFACTURE, AND COPYRIGHT NOTICE
Date of production, publication, distribution, manufacture, or copyright notice ℗♭2010.
300 ## - PHYSICAL DESCRIPTION
Extent 483 pages :
Other physical details map ;
Dimensions 22 cm.
336 ## - CONTENT TYPE
Content type term text
Content type code txt
Source rdacontent.
337 ## - MEDIA TYPE
Media type term unmediated
Media type code n
Source rdamedia.
338 ## - CARRIER TYPE
Carrier type term volume
Carrier type code nc
Source rdacarrier.
490 1# - SERIES STATEMENT
Series statement 100 cupboards ;
Volume/sequential designation bk 3.
520 ## - SUMMARY, ETC.
Summary, etc. Twelve-year-old Henry York, finally reunited with his family, works with them and the Chestnut King, the long-deposed and mythic leader of the faeren people, to destroy Nimiane and her forces of evil.
521 1# - TARGET AUDIENCE NOTE
Target audience note 009-012
Source Ingram.
526 0# - STUDY PROGRAM INFORMATION NOTE
Program name Accelerated Reader
Interest level Grades 5-8
Reading level 4.5
Title point value 17
Public note Quiz 135418
-- English fiction.
526 0# - STUDY PROGRAM INFORMATION NOTE
Program name Accelerated Reader AR
Interest level MG
Reading level 4.5
Title point value 17.0
Public note 135418.
526 0# - STUDY PROGRAM INFORMATION NOTE
Program name Reading Counts RC
Interest level 6-8
Reading level 4.2
Title point value 26
Public note Quiz: 50094.
526 0# - STUDY PROGRAM INFORMATION NOTE
Program name Lexile
Reading level 670L.
526 0# - STUDY PROGRAM INFORMATION NOTE
Program name F&P
Reading level W.
650 #0 - SUBJECT ADDED ENTRY--TOPICAL TERM
Topical term or geographic name as entry element Magic
Form subdivision Juvenile fiction.
650 #0 - SUBJECT ADDED ENTRY--TOPICAL TERM
Topical term or geographic name as entry element Space and time
Form subdivision Juvenile fiction.
650 #0 - SUBJECT ADDED ENTRY--TOPICAL TERM
Topical term or geographic name as entry element Kings and rulers
Form subdivision Juvenile fiction.
650 #0 - SUBJECT ADDED ENTRY--TOPICAL TERM
Topical term or geographic name as entry element Fairies
Form subdivision Juvenile fiction.
650 #0 - SUBJECT ADDED ENTRY--TOPICAL TERM
Topical term or geographic name as entry element Doors
Form subdivision Juvenile fiction.
650 #0 - SUBJECT ADDED ENTRY--TOPICAL TERM
Topical term or geographic name as entry element Families
Geographic subdivision Kansas
Form subdivision Juvenile fiction.
650 #0 - SUBJECT ADDED ENTRY--TOPICAL TERM
Topical term or geographic name as entry element Cousins
Form subdivision Juvenile fiction.
650 #7 - SUBJECT ADDED ENTRY--TOPICAL TERM
Topical term or geographic name as entry element Family members
Form subdivision Juvenile fiction.
Source of heading or term homoit.
651 #0 - SUBJECT ADDED ENTRY--GEOGRAPHIC NAME
Geographic name Kansas
Form subdivision Juvenile fiction.
655 #7 - INDEX TERM--GENRE/FORM
Genre/form data or focus term Fantasy fiction.
Source of term lcgft.
655 #7 - INDEX TERM--GENRE/FORM
Genre/form data or focus term Novels.
Source of term lcgft.
800 1# - SERIES ADDED ENTRY--PERSONAL NAME
Personal name Wilson, Nathan D.
Title of a work 100 cupboards ;
Volume/sequential designation bk. 3.
800 1# - SERIES ADDED ENTRY--PERSONAL NAME
Personal name Wilson, Nathan D.
Title of a work 100 cupboards ;
Volume/sequential designation bk 3.
942 ## - ADDED ENTRY ELEMENTS (KOHA)
Koha item type Libro/Book
Holdings
Withdrawn status Lost status Damaged status Not for loan Home library Current library Date acquired Total Checkouts Full call number Barcode Date last seen Price effective from Koha item type
        San Juan Del Sur -- Biblioteca San Juan Del Sur -- Biblioteca 09/01/2026   YA 30031077 09/01/2026 09/01/2026 Libro/Book

Powered by Koha